| 000 | 00519nam a2200181Ia 4500 | ||
|---|---|---|---|
| 999 |
_c1292 _d1292 |
||
| 003 | OSt | ||
| 005 | 20200925104856.0 | ||
| 008 | 190216s9999||||xx |||||||||||||| ||und|| | ||
| 040 | _coclc | ||
| 082 |
_a574.87 _bVAS/C |
||
| 100 |
_aVashishta, P C _94771 |
||
| 245 | 0 |
_aCytogenetics And Evolution / _cP C Vashishta ; K P Sood ; S P Kanwal |
|
| 250 | _a2nd Ed. | ||
| 260 |
_bR Chand And Co, _c1976. _aDelhi: |
||
| 300 | _a308p | ||
| 650 | _aBotany | ||
| 942 |
_cBK _2ddc _h574.87 _iVAS/C _k574.87 _mVAS/C |
||